| 000 | 00325nam a2200133Ia 4500 | ||
|---|---|---|---|
| 008 | 230312s9999||||xx |||||||||||||| ||und|| | ||
| 082 |
_a423 _bDIC |
||
| 245 | 0 | _aDictionary of Official Terms and Phrases | |
| 260 |
_bMajlis Zuban Daftri _aLahore _c1989 |
||
| 300 | _a559 | ||
| 546 | _aEng. | ||
| 650 | _aDictionary | ||
| 942 | _cBK | ||
| 999 |
_c4616 _d4616 |
||